000 00502nam a22001697a 4500
999 _c21008
_d21008
003 AR-CdUCM
008 190724b ||||| |||| 00| 0 spa d
040 _aMUNICIPALIDAD PROVINCIAL DEL CUSCO
_cBIBLIOTECA MUNICIPAL DEL CUSCO
082 _aC / 050.985 /
_bAL44
245 _aAlmanaque Cusco para 1928 /
260 _aCusco :
_bH. G. Rozas,
_c1928.
300 _a122 páginas ;
_bilustraciones ;
_c22 cm.
650 _aAlmanaque
_918315
650 _aCusco
_9772
942 _2ddc
_cLIBROS
945 _azta